Statistics for Countries by Least Forested Area

Click here to take the quiz!

General Stats

  • This quiz has been taken 21 times
  • The average score is 7 of 10

Answer Stats

AreaCountry% Correct
0Monaco
95%
1San Marino
86%
0Vatican City
86%
0Qatar
81%
3Oman
76%
6Djibouti
52%
1Maldives
52%
6Barbados
48%
1Kiribati
48%
1Tuvalu
48%

Score Distribution

Percentile by Number Answered

Percent of People with Each Score

Your Score History

You have not taken this quiz